Top 100 biggest provinces in the world - Statistics

General Stats
  • This quiz has been taken 66 times
  • The average score is 21 of 100
Answer Stats
Country Province % Correct
United States Alaska
90%
United States California
75%
United States Texas
73%
Canada Quebec
67%
Canada British Columbia
63%
Canada Ontario
62%
Canada Nunavut
60%
Australia Western Australia
60%
Canada Alberta
57%
Denmark Greenland
57%
United States Montana
54%
Australia Queensland
54%
Canada Yukon
54%
Australia Northern Territory
52%
Canada Manitoba
51%
Australia New South Wales
49%
United States Arizona
48%
United States Colorado
46%
Canada Newfoundland and Labrador
46%
Canada Northwest Territories
46%
Canada Saskatchewan
46%
China Inner Mongolia
44%
United States Nevada
44%
United States New Mexico
44%
Australia South Australia
44%
United States Wyoming
44%
United States Oregon
43%
Brazil Amazonas
41%
Russia Sakha
38%
China Xinjiang
38%
Australia Victoria
35%
United States Minnesota
25%
China Sichuan
22%
Brazil Para
21%
India Uttar Pradesh
21%
Brazil Mato Grosso
19%
United States Michigan
19%
China Yunnan
19%
Brazil Minas Gerais
17%
China Qinghai
17%
Russia Kamchatka
16%
Russia Krasnoyarsk Krai
16%
Mexico Chihuahua
14%
Brazil Bahia
13%
Argentina Buenos Aires
13%
China Gansu
13%
China Heilongjiang
13%
Russia Amur
11%
Russia Irkutsk Oblast
11%
Russia Chukotka
10%
Russia Khabarovsk Krai
10%
Russia Komi
10%
India Maharashtra
10%
Brazil Mato Grosso do Sul
10%
China Xizang
10%
Argentina Chubut
8%
India Madhya Pradesh
8%
Brazil Maranhao
8%
Brazil Rondonia
8%
Brazil Tocantins
8%
Pakistan Balochistan
6%
Russia Buryatia
6%
China Guangxi
6%
South Africa Northern Cape
6%
Ethiopia Oromia
6%
Brazil Rio Grande do Sul
6%
Brazil Roraima
6%
Ethiopia Somali
6%
Peru Loreto
5%
Russia Zabaykalsky
5%
Egypt New Valley
3%
Brazil Piaui
3%
Argentina | Bolivia Santa Cruz
3%
Algeria Tamanrasset
3%
Mauritania Adrar
2%
Russia Arkhangelsk Oblast
2%
India Jaipur
2%
Russia Khantia-Mansia
2%
Russia Magadan Oblast
2%
Russia Yamalia
2%
Algeria Adrar Province
0%
Niger Agadez Region
0%
Kazakhstan Aktobe Region
0%
Venezuela Bolivar
0%
Chad Borkou
0%
Saudi Arabia Eastern Saudi Arabia
0%
Brazil Goiania
0%
Yemen Hadramout
0%
Kazakhstan Karaganda Region
0%
Libya Kufra
0%
Kazakhstan Kyzylorda Region
0%
Libya Murzuq District
0%
Sudan North Darfur
0%
Sudan Northern Sudan
0%
Saudi Arabia Riyadh Province
0%
Brazil Sao Paulo State
0%
Mali Taoudenit Region
0%
Russia Tomsk Oblast
0%
Mauritania Tris Zemmour
0%
No matching quizzes found
Score Distribution
Percent of People with Each Score
Percentile by Number Answered
Your Score History
You have not taken this quiz